Crónicas de la ensenada Carrick

Kaydedildi:
Detaylı Bibliyografya
Yazar: Brace, Gerald Warner
Materyal Türü: Kitap
Dil:Undetermined
Baskı/Yayın Bilgisi: Buenos Aires, Argentina Agora 1958
Konular:
Etiketler: Etiketle
Etiket eklenmemiş, İlk siz ekleyin!

MARC

LEADER 00000nam a2200000Ia 4500
008 170316s9999 xx 000 0 und d
999 |c 5442  |d 5442 
040 |a cru BVZT 
090 |a 810 B-17.2c 
100 |a Brace, Gerald Warner 
245 |a Crónicas de la ensenada Carrick  |c / Gerald Warner Brace 
260 |a Buenos Aires, Argentina  |b Agora  |c 1958 
300 |a 93 páginas 
650 |a LITERATURA ESTADOUNIDENSE  |9 25 
942 |c 15 D  |h 810 B-17.2c  |2 z